Sports Quiz

Random Sports or Cricket Quiz
Score 0/19 Timer 10:00
0 Plays Today
Year Answer % Correct
1995Mike Astle
100%
2001Phil Unsworth
80%
2019Harvey Rankin
52%
2018Alex Rankin
32%
2003Jonny Cobbold
16%
2004Kevin Burns
4%
2010Matt Glayzer
0%
2011Ian Robinson
0%
2012Simon Kerrigan
0%
2012Ian Robinson
0%
Year Answer % Correct
2003Paul Blackwood
0%
2009David Whittaker
0%
2013Shaun Brocken
0%
2014Jamie Barnes
0%
2014James Dickinson
0%
2017Jamie Barnes
0%
2018Ryan Madcock
0%
2018Andy Baybutt
0%
2019Jonny Glayzer
0%
Remove Ads.
Support Sporcle.
Get the best of Sporcle when you Go Orange. This ad-free experience offers more features, more stats, and more fun while also helping to support Sporcle. Thank you for becoming a member.

You're not logged in!

Compare scores with friends on all Sporcle quizzes.
OR
Log In

Sporcle TV

Today on Sporcle TV


Watch our educational content, quiz creation guides, and fun videos on Sporcle TV.

Show Comments

Extras

Created May 17, 2020ReportNominate
Tags:Cricket Quiz

Top Quizzes Today


Score Distribution

Paid Content

Your Account Isn't Verified!

In order to create a playlist on Sporcle, you need to verify the email address you used during registration. Go to your Sporcle Settings to finish the process.

Report this User

Report this user for behavior that violates our Community Guidelines.

Details: